| 000 | 00491nam a2200193Ia 4500 | ||
|---|---|---|---|
| 008 | 160803s9999 xx 000 0 und d | ||
| 020 | _a978-0439372978 | ||
| 100 | _aBalliett, Blue | ||
| 245 | _aChasing Vermeer / | ||
| 245 | _cby Blue Balliett ; illustrated by Brett Helquist. | ||
| 250 | _a1st edition. | ||
| 260 | _aNew York : | ||
| 260 | _bScholastic Inc. | ||
| 260 | _c2004 | ||
| 300 | _a254 pages : | ||
| 300 | _billustrations, map ; | ||
| 300 | _c22 cm | ||
| 700 | _a770 | ||
| 999 |
_c298414 _d298414 |
||